[Event "Elit(Kamraterna-Vasteras)"]
[Site "?"]
[Date "2007.10.19"]
[Round "1"]
[White "Akesson, Ralf"]
[Black "Andreasson, Ingvar"]
[Result "0-1"]
[WhiteElo "2530"]
[BlackElo "2400"]
[PlyCount "74"]
[EventDate "2007.10.27"]
[SourceDate "2007.10.27"]

1. d4 Nf6 2. c4 g6 3. Nc3 Bg7 4. e4 d6 5. h3 O-O 6. Bg5 h6 7. Be3 e5 8. d5 Na6
9. Bd3 c6 10. Qd2 Kh7 11. g4 cxd5 12. cxd5 Bd7 13. Nge2 Nc5 14. Bc2 a5 15. a4
Qb6 16. Ra2 Ne8 17. Ng3 Nc7 18. f3 N7a6 19. Bb1 Nb4 20. Ra3 Rac8 21. h4 Qa6 22.
Nce2 Nxa4 23. h5 g5 24. Nf5 Bf6 25. Neg3 Bd8 26. Rh2 Nc5 27. Rc3 a4 28. Kf2 f6
29. Kg2 Ba5 30. f4 Nb3 31. Qf2 Rxc3 32. bxc3 Nd3 33. Bxd3 Qxd3 34. fxg5 fxg5
35. Kh3 Bxc3 36. Bb6 Nd2 37. Qg2 a3 0-1

[Event "Elit(Kamraterna-Vasteras)"]
[Site "?"]
[Date "2007.10.19"]
[Round "1"]
[White "Svensson, Bengt"]
[Black "Norberg, Johan"]
[Result "1-0"]
[WhiteElo "2508"]
[BlackElo "2392"]
[PlyCount "59"]
[EventDate "2007.??.??"]

1. e4 g6 2. d4 d6 3. Nc3 c6 4. f4 d5 5. e5 h5 6. Nf3 Nh6 7. Be3 Bg4 8. h3 Bxf3
9. Qxf3 Nf5 10. Bf2 h4 11. Bd3 e6 12. O-O Nd7 13. Ne2 b5 14. c3 Be7 15. a4 bxa4
16. Rxa4 a5 17. Rfa1 Nb6 18. R4a2 a4 19. c4 dxc4 20. Bxf5 gxf5 21. Qxc6+ Kf8
22. Nc3 Rc8 23. Qf3 Rg8 24. Kh1 Rg6 25. Nxa4 Nd5 26. Nc3 Nb4 27. Ra8 Kg7 28.
Qb7 Rc7 29. Qb5 Qd7 30. Qb8 1-0

[Event "Elit(Kamraterna-Vasteras)"]
[Site "?"]
[Date "2007.10.19"]
[Round "1"]
[White "Norberg, Erik"]
[Black "Hamark, Jesper"]
[Result "1/2-1/2"]
[WhiteElo "2259"]
[BlackElo "2381"]
[PlyCount "77"]

1. g3 d5 2. Bg2 Nf6 3. Nf3 Nc6 4. d3 e5 5. O-O Be6 6. c3 h6 7. Qc2 a5 8. e4
dxe4 9. dxe4 Bc5 10. Nh4 O-O 11. Nf5 Ne7 12. Be3 Bxe3 13. Nxe3 Qd6 14. Nd2 Qc5
15. Nf5 Nc6 16. Nf3 Rfd8 17. Rfd1 Qb6 18. b3 Qc5 19. Ne3 Ng4 20. Nxg4 Bxg4 21.
Rd5 Rxd5 22. exd5 Bxf3 23. Bxf3 Nd4 24. Qd3 Nxf3+ 25. Qxf3 Rd8 26. c4 b6 27.
Re1 Qd6 28. Qf5 f6 29. f4 Re8 30. fxe5 fxe5 31. Kg2 Re7 32. Rf1 e4 33. Qf4 Re5
34. Re1 Qe7 35. Re3 Kh7 36. Re2 Kg8 37. Qe3 Kh7 38. Qf4 Kg8 39. Qe3 1/2-1/2

[Event "Elit(Kamraterna-Vasteras)"]
[Site "?"]
[Date "2007.10.19"]
[Round "1"]
[White "Aberg, Anton"]
[Black "Eriksson, Anders"]
[Result "1/2-1/2"]
[WhiteElo "2395"]
[BlackElo "2360"]
[PlyCount "75"]
[SourceDate "2007.10.27"]

1. d4 Nf6 2. c4 e6 3. g3 Bb4+ 4. Bd2 Qe7 5. Bg2 Bxd2+ 6. Qxd2 O-O 7. Nc3 d6 8.
Nf3 e5 9. O-O Re8 10. e4 a5 11. Rac1 Bg4 12. Ne1 c5 13. d5 Na6 14. f4 Bd7 15.
Nd3 Nb4 16. fxe5 dxe5 17. Ne1 Red8 18. a3 Na6 19. Nd3 Ne8 20. Nb5 b6 21. Qf2 f6
22. Rfd1 a4 23. d6 Qe6 24. Qf1 Bxb5 25. cxb5 Nb8 26. Bh3 Qf7 27. Nxc5 bxc5 28.
Rxc5 Qa7 29. Qc4+ Kh8 30. Kg2 Nd7 31. Rc6 Qe3 32. Rd3 Qe2+ 33. Kg1 h6 34. Bf5
Qe1+ 35. Kg2 Qe2+ 36. Kg1 Qe1+ 37. Kg2 Qe2+ 38. Kg1 1/2-1/2

[Event "Elit(Kamraterna-Vasteras)"]
[Site "?"]
[Date "2007.10.19"]
[Round "1"]
[White "Nilsson, Andre"]
[Black "Madebrink, Lars"]
[Result "1/2-1/2"]
[WhiteElo "2324"]
[BlackElo "2242"]
[PlyCount "47"]

1. g3 d5 2. Bg2 Nf6 3. Nf3 g6 4. O-O Bg7 5. d3 O-O 6. Nbd2 c5 7. e4 Nc6 8. Re1
h6 9. exd5 Nxd5 10. a3 e5 11. Rb1 Re8 12. c4 Nf6 13. b4 cxb4 14. axb4 Qxd3 15.
b5 Nd4 16. Nxd4 Qxd4 17. Bb2 Qc5 18. Qa4 Bf5 19. Nb3 Qc7 20. Rbc1 a6 21. c5
axb5 22. Qxb5 e4 23. Nd4 Bd7 24. Qc4 1/2-1/2

[Event "Elit(Kamraterna-Vasteras)"]
[Site "?"]
[Date "2007.10.19"]
[Round "1"]
[White "Svenn, Gosta"]
[Black "Janse, Rasmus"]
[Result "1-0"]
[WhiteElo "2362"]
[BlackElo "2204"]
[PlyCount "83"]

1. d4 e6 2. c4 c5 3. d5 exd5 4. cxd5 d6 5. Nc3 Nf6 6. e4 g6 7. Nf3 a6 8. h3 b5
9. Bd3 Bg7 10. O-O O-O 11. Bf4 Nh5 12. Bh2 b4 13. Na4 Bd7 14. Rb1 Qc7 15. Re1
Re8 16. g4 Nf6 17. e5 dxe5 18. Nxe5 Qa5 19. Bc2 Bb5 20. Nxc5 Nbd7 21. Ncxd7
Nxd7 22. Nxd7 Bxd7 23. Bb3 Qb6 24. Qf3 Qf6 25. Qxf6 Bxf6 26. Rxe8+ Rxe8 27. Rc1
Bd8 28. Bc7 Bf6 29. Rc4 h5 30. Rxb4 hxg4 31. hxg4 Bxb2 32. Bc4 Bc3 33. Rb3 Bd2
34. Bxa6 Bxg4 35. Bb7 Bd7 36. Bc6 Bxc6 37. dxc6 Re6 38. Rb8+ Kg7 39. Be5+ Rxe5
40. c7 Re1+ 41. Kg2 Rc1 42. c8=Q 1-0

[Event "Elit(Kamraterna-Vasteras)"]
[Site "?"]
[Date "2007.10.19"]
[Round "1"]
[White "Janse, Love"]
[Black "Svenn, Matti"]
[Result "0-1"]
[WhiteElo "2175"]
[BlackElo "2236"]
[PlyCount "90"]

1. e4 e5 2. Nc3 Nf6 3. Bc4 Bc5 4. d3 O-O 5. f4 d6 6. f5 c6 7. Bg5 b5 8. Bb3 a5
9. a4 b4 10. Nce2 Nbd7 11. Ng3 Qb6 12. Nh3 Be3 13. Qe2 Bxg5 14. Nxg5 Nc5 15.
Nh5 Qd8 16. Nxf6+ Qxf6 17. Qh5 h6 18. Nf3 d5 19. Nd2 Nxb3 20. Nxb3 dxe4 21.
dxe4 c5 22. O-O c4 23. Nd2 Qd6 24. Nf3 f6 25. Rfd1 Qc7 26. Qh4 Bb7 27. Kh1 Rad8
28. Re1 Rd7 29. Qf2 Rfd8 30. Rac1 Ba6 31. Qe3 Rd6 32. b3 Qc6 33. h3 Bb7 34. Re2
Kh7 35. Rce1 cxb3 36. Qxb3 Ba6 37. Re3 Bc4 38. Qb2 Qxa4 39. Ra1 Rd1+ 40. Re1
Rxe1+ 41. Rxe1 Qb5 42. Qc1 a4 43. Nh4 Qc5 44. Rd1 Rd4 45. Rd2 a3 0-1

[Event "Elit(Kamraterna-Vasteras)"]
[Site "?"]
[Date "2007.10.19"]
[Round "1"]
[White "Haggstrom, Olle"]
[Black "Wikstrom, Per"]
[Result "1/2-1/2"]
[WhiteElo "2243"]
[BlackElo "2175"]
[PlyCount "93"]

1. d4 d5 2. c4 c6 3. Nf3 e6 4. e3 Nf6 5. Nbd2 Qa5 6. Be2 dxc4 7. Bxc4 b5 8. Bd3
Nbd7 9. O-O Bb7 10. a4 a6 11. e4 c5 12. Nb3 Qb6 13. dxc5 Nxc5 14. Nxc5 Bxc5 15.
Qe2 bxa4 16. Ne5 Rd8 17. Bc2 O-O 18. Rxa4 Qb5 19. Qxb5 axb5 20. Ra5 Bxe4 21.
Bb3 Bd4 22. Nf3 Bb6 23. Rxb5 Rb8 24. Bc4 Rfc8 25. b3 Bd5 26. Bf4 Rb7 27. Ne5
Ne4 28. Rxd5 exd5 29. Ba6 Rbc7 30. Bxc8 Rxc8 31. Nd3 f6 32. Rc1 Rc3 33. Rxc3
Nxc3 34. Kf1 Kf7 35. f3 g5 36. Bc1 Nb5 37. Bb2 h5 38. Nb4 Nc7 39. Ke2 Ke6 40.
Kd3 Bc5 41. Nc2 Bg1 42. h3 h4 43. Bd4 Bxd4 44. Nxd4+ Ke5 45. b4 Kf4 46. Ne2+
Ke5 47. Nd4 1/2-1/2

[Event "Elit(Rockaden-Manhem)"]
[Site "?"]
[Date "2007.10.19"]
[Round "1"]
[White "Nithander, Victor"]
[Black "Hermansson, Emil"]
[Result "1/2-1/2"]
[WhiteElo "2433"]
[BlackElo "2543"]
[PlyCount "42"]
[SourceDate "2007.10.29"]

1. e4 c5 2. Nf3 Nc6 3. d4 cxd4 4. Nxd4 Nf6 5. Nc3 e5 6. Ndb5 d6 7. Bg5 a6 8.
Na3 b5 9. Nd5 Be7 10. Bxf6 Bxf6 11. c3 O-O 12. Nc2 Bg5 13. a4 bxa4 14. Rxa4 a5
15. Bc4 Rb8 16. Ra2 Kh8 17. Nce3 g6 18. O-O Bh6 19. Qa4 Bb7 20. Bb5 Ne7 21. Rd1
f5 1/2-1/2

[Event "Elit(Rockaden-Manhem)"]
[Site "?"]
[Date "2007.10.19"]
[Round "1"]
[White "Barkhagen, Jonas"]
[Black "Akesson, Joel"]
[Result "1-0"]
[WhiteElo "2556"]
[BlackElo "2388"]
[PlyCount "77"]

1. d4 d5 2. c4 c6 3. Nf3 Nf6 4. Nc3 dxc4 5. a4 Bf5 6. Ne5 Nbd7 7. Nxc4 Nb6 8.
Ne5 a5 9. g3 e6 10. Bg2 Bb4 11. O-O O-O 12. e3 h6 13. Qe2 Bh7 14. Rd1 Nfd7 15.
Nxd7 Nxd7 16. e4 Qe7 17. Be3 Nf6 18. Bf4 Rfd8 19. Rac1 Rd7 20. h3 Rad8 21. e5
Nd5 22. Nxd5 cxd5 23. Qb5 Rc7 24. Rxc7 Qxc7 25. Rc1 Qb8 26. Bf1 Bg6 27. Be2 Bf5
28. h4 Rc8 29. Qd7 Rxc1+ 30. Bxc1 Bg6 31. g4 Bc2 32. h5 Bb3 33. f4 Qa7 34. Qd8+
Bf8 35. Be3 Bxa4 36. f5 Bc2 37. f6 g5 38. hxg6 Bxg6 39. Kf1 1-0

[Event "Elit(Rockaden-Manhem)"]
[Site "?"]
[Date "2007.10.19"]
[Round "1"]
[White "Winsnes, Rikard"]
[Black "Hedman, Erik"]
[Result "1-0"]
[WhiteElo "2489"]
[BlackElo "2442"]
[PlyCount "51"]

1. e4 c5 2. Nf3 d6 3. d4 cxd4 4. Nxd4 Nf6 5. Nc3 a6 6. Be3 Ng4 7. Bg5 h6 8. Bh4
g5 9. Bg3 Bg7 10. h3 Ne5 11. Qd2 Nbc6 12. Nf5 Bxf5 13. exf5 Nd4 14. Bxe5 Bxe5
15. Bd3 Bf4 16. Qd1 Qa5 17. O-O Rc8 18. Be4 Rxc3 19. bxc3 Qxc3 20. f6 e6 21.
Bxb7 Be5 22. Bxa6 Bxf6 23. Bd3 O-O 24. Rb1 Ra8 25. Qh5 Kg7 26. Rb7 1-0

[Event "Elit(Rockaden-Manhem)"]
[Site "?"]
[Date "2007.10.19"]
[Round "1"]
[White "Bator, Robert"]
[Black "Sagit, Rauan"]
[Result "1-0"]
[WhiteElo "2405"]
[BlackElo "2353"]
[PlyCount "119"]

1. d4 Nf6 2. Nf3 c6 3. c4 d5 4. e3 g6 5. Nc3 Bg7 6. cxd5 Nxd5 7. Bc4 Nxc3 8.
bxc3 O-O 9. O-O Qa5 10. Bd2 Qh5 11. a4 c5 12. a5 Nc6 13. d5 Ne5 14. Nxe5 Qxe5
15. Qb3 Rb8 16. Qb5 Qd6 17. e4 Bd7 18. Qb3 f5 19. exf5 Rxf5 20. Bd3 Rf7 21.
Rad1 Be5 22. h3 Kg7 23. c4 b6 24. Bc3 bxa5 25. Qa3 Bxc3 26. Qxc3+ Qf6 27. Qxa5
Bxh3 28. Be4 Bg4 29. f3 Bd7 30. Qxc5 Qb6 31. Qd4+ Qxd4+ 32. Rxd4 Rb4 33. Rc1
Rf8 34. Rd2 Rc8 35. c5 Bb5 36. c6 Rc7 37. d6 exd6 38. Rxd6 Ba4 39. Rc5 Kf8 40.
Re5 Rc4 41. Ree6 Rc5 42. Kf2 a5 43. Ke3 Kf7 44. Kd4 Rb5 45. Bd3 Rg5 46. Bc4 Kf8
47. Rd8+ Kg7 48. Rd7+ Rxd7+ 49. cxd7 Bxd7 50. Re7+ Kh6 51. Rxd7 Rxg2 52. Ra7
Kg5 53. Rxh7 Kf4 54. Rf7+ Kg3 55. Ke3 g5 56. Be2 Kh2 57. Rh7+ Kg1 58. Ra7 Rg3
59. Rxa5 Kg2 60. Ra4 1-0

[Event "Elit(Rockaden-Manhem)"]
[Site "?"]
[Date "2007.10.19"]
[Round "1"]
[White "Moberg, Karl Johan"]
[Black "Blomqvist, Erik"]
[Result "0-1"]
[WhiteElo "2327"]
[BlackElo "2405"]
[PlyCount "125"]
[EventDate "2007.??.??"]

1. d4 d5 2. c4 c6 3. Nf3 Nf6 4. e3 e6 5. Nbd2 Nbd7 6. b3 b6 7. Bb2 Bb7 8. Bd3
Be7 9. O-O O-O 10. Qe2 Qc7 11. Rac1 Rac8 12. Ne5 dxc4 13. Bxc4 Nxe5 14. dxe5
Nd7 15. f4 Nc5 16. Bd4 Rcd8 17. Rf3 g6 18. Rh3 Kg7 19. b4 Nd7 20. Ne4 c5 21.
Nf6 Rh8 22. bxc5 bxc5 23. Bb5 Nxf6 24. exf6+ Bxf6 25. Rxc5 Qe7 26. Bxf6+ Qxf6
27. Rc1 Be4 28. Rg3 h6 29. h3 Rd6 30. Qc4 Qf5 31. Qc3+ Kh7 32. Be2 Rc6 33. Qd2
Rxc1+ 34. Qxc1 Qa5 35. Bf3 Bd3 36. h4 Rb8 37. Qc6 Kg8 38. Kh2 Qe1 39. Qc7 Rb1
40. Rh3 Qg1+ 41. Kg3 Qxe3 42. Qc8+ Kg7 43. Qc3+ e5 44. Qxe5+ Qxe5 45. fxe5 Bc4
46. a4 Be6 47. Bg4 Bxg4 48. Kxg4 Rb4+ 49. Kf3 Rxa4 50. Rh1 a5 51. g3 Rb4 52.
Rc1 Rb6 53. Ra1 Rb5 54. Ke4 h5 55. Kf4 Kf8 56. Rc1 Rb4+ 57. Kf3 Rb8 58. Ra1 Rb5
59. Kf4 Ke7 60. Rc1 Rb4+ 61. Kf3 Rb7 62. Ra1 Rb5 63. Rc1 0-1

[Event "Elit(Rockaden-Manhem)"]
[Site "?"]
[Date "2007.10.19"]
[Round "1"]
[White "Orndahl, Markus"]
[Black "Kinnmark, Ove"]
[Result "0-1"]
[WhiteElo "2352"]
[BlackElo "2272"]
[PlyCount "80"]

1. e4 d5 2. exd5 Qxd5 3. Nc3 Qd8 4. Bc4 Nf6 5. Nf3 e6 6. O-O Be7 7. d4 c6 8.
Qe2 O-O 9. Re1 b5 10. Bd3 Nbd7 11. Ne4 Bb7 12. Neg5 Bb4 13. c3 Ba5 14. Ne5 Qe7
15. a4 a6 16. Qf3 Bc7 17. g3 h6 18. Nxd7 Nxd7 19. Ne4 Rab8 20. Qh5 f5 21. Nc5
Nxc5 22. dxc5 Qf6 23. f4 e5 24. fxe5 Bxe5 25. Bc2 Rbe8 26. Bb3+ Kh8 27. Bf4 Re7
28. Bxe5 Rxe5 29. Rad1 Qe7 30. Rxe5 Qxe5 31. Qg6 Qxc5+ 32. Rd4 Qe7 33. Rd1 Qe3+
34. Kf1 Qf3+ 35. Kg1 c5 36. Rd2 Qh1+ 37. Kf2 Qxh2+ 38. Ke3 Qg1+ 39. Rf2 f4+ 40.
gxf4 Qxg6 0-1

[Event "Elit(Rockaden-Manhem)"]
[Site "?"]
[Date "2007.10.19"]
[Round "1"]
[White "Vas, Peter"]
[Black "Hanninger, Simon"]
[Result "1/2-1/2"]
[WhiteElo "2227"]
[BlackElo "2188"]
[PlyCount "32"]

1. e4 c5 2. Nf3 d6 3. d4 cxd4 4. Nxd4 Nf6 5. f3 e5 6. Bb5+ Nbd7 7. Nf5 a6 8.
Bxd7+ Qxd7 9. Bg5 Qb5 10. Nxd6+ Bxd6 11. Qxd6 Qxb2 12. O-O Qxa1 13. Rd1 Be6 14.
Be3 Nd7 15. Bg5 Nf6 16. Be3 Nd7 1/2-1/2

[Event "Elit(Rockaden-Manhem)"]
[Site "?"]
[Date "2007.10.19"]
[Round "1"]
[White "Lissang, Christopher"]
[Black "Welin, Mats"]
[Result "1-0"]
[WhiteElo "2180"]
[BlackElo "2283"]
[PlyCount "57"]

1. d4 Nf6 2. Nf3 d5 3. c4 e6 4. g3 dxc4 5. Bg2 a6 6. O-O Nc6 7. e3 Rb8 8. Nfd2
e5 9. Bxc6+ bxc6 10. dxe5 Ng4 11. Nxc4 Qxd1 12. Rxd1 Be6 13. Nbd2 Rd8 14. b3
Bxc4 15. bxc4 Bb4 16. Rb1 Ba5 17. Kf1 O-O 18. Ke2 Bxd2 19. Bxd2 Nxe5 20. Be1
Rb8 21. Rb3 Nxc4 22. Rc1 Ne5 23. f4 Nd7 24. Rxc6 Rb5 25. Rxc7 Nb6 26. Rxb5 axb5
27. Rb7 Nc4 28. Rxb5 Ra8 29. a4 1-0

[Event "Elit(Sollentuna-Skara)"]
[Site "?"]
[Date "2007.10.19"]
[Round "1"]
[White "Cicak, Slavko"]
[Black "Ivanov, Sergej"]
[Result "1/2-1/2"]
[WhiteElo "2583"]
[BlackElo "2587"]
[PlyCount "73"]
[EventDate "2007.??.??"]

1. c4 e6 2. Nf3 Nf6 3. b3 d5 4. Bb2 c5 5. cxd5 exd5 6. e3 Nc6 7. Bb5 Bd6 8. O-O
O-O 9. Bxc6 bxc6 10. d3 Bg4 11. Nbd2 Re8 12. Re1 a5 13. Rc1 Nd7 14. Qc2 a4 15.
d4 axb3 16. axb3 cxd4 17. Nxd4 c5 18. N4f3 Nf6 19. Ra1 Rxa1 20. Rxa1 Ne4 21.
Nxe4 dxe4 22. Qc3 Bf8 23. Ne5 Be6 24. Qc2 Qd5 25. Nc4 Qd3 26. Qxd3 exd3 27. Bc3
Rb8 28. Nd2 g6 29. f3 Bxb3 30. Rb1 c4 31. Nxc4 Rb5 32. Nd2 Ba4 33. Rxb5 Bxb5
34. g4 f5 35. gxf5 gxf5 36. Kf2 Kf7 37. Nb3 1/2-1/2

[Event "Elit(Sollentuna-Skara)"]
[Site "?"]
[Date "2007.10.19"]
[Round "1"]
[White "Agrest, Evgenij"]
[Black "Gausel, Einar"]
[Result "1/2-1/2"]
[WhiteElo "2653"]
[BlackElo "2582"]
[PlyCount "57"]

1. Nf3 d6 2. d4 Bg4 3. c4 Nd7 4. Nc3 e5 5. g3 Ngf6 6. Bg2 Be7 7. h3 Bh5 8. Nh4
c6 9. Nf5 O-O 10. O-O Re8 11. dxe5 dxe5 12. Nxe7+ Qxe7 13. b3 Rad8 14. Bb2 Nc5
15. Qc1 Ne6 16. Ba3 Qc7 17. Qb2 Nd4 18. Rfd1 Rd7 19. Rac1 Red8 20. g4 Bg6 21.
e3 Ne6 22. Rxd7 Rxd7 23. Nd5 Qd8 24. Nxf6+ gxf6 25. Bb4 h5 26. Qe2 hxg4 27.
hxg4 Bd3 28. Qe1 f5 29. gxf5 1/2-1/2

[Event "Elit(Sollentuna-Skara)"]
[Site "?"]
[Date "2007.10.19"]
[Round "1"]
[White "Svensson, Sven"]
[Black "Ernst, Thomas"]
[Result "1/2-1/2"]
[WhiteElo "2273"]
[BlackElo "2530"]
[PlyCount "101"]

1. d4 Nf6 2. c4 g6 3. Nc3 Bg7 4. Bg5 O-O 5. Nf3 d6 6. e3 Nbd7 7. Qc2 e5 8. Be2
Re8 9. dxe5 dxe5 10. Rd1 h6 11. Bh4 c6 12. O-O Qe7 13. Nd2 a5 14. Nde4 g5 15.
Nxf6+ Nxf6 16. Bg3 Bd7 17. Na4 Rad8 18. Nb6 Bg4 19. Bxg4 Nxg4 20. h3 Nf6 21. a3
Rxd1 22. Rxd1 Rd8 23. f3 e4 24. Rxd8+ Qxd8 25. c5 exf3 26. gxf3 Nd5 27. Nc4 Qd7
28. Kh2 f5 29. Qd3 Qe6 30. b3 Bf8 31. e4 fxe4 32. Qxe4 Qxe4 33. fxe4 Nc3 34.
Nxa5 Bxc5 35. b4 Be3 36. Nxb7 Bc1 37. Na5 Bxa3 38. Nxc6 Nxe4 39. Be1 Kf7 40.
Kg2 Ke6 41. Kf3 Nf6 42. Nd4+ Kd5 43. Nc2 Bc1 44. Bc3 Ne4 45. Bg7 h5 46. b5 g4+
47. hxg4 hxg4+ 48. Kxg4 Nd6 49. b6 Kc6 50. Bd4 Bd2 51. Ne3 1/2-1/2

[Event "Elit(Sollentuna-Skara)"]
[Site "?"]
[Date "2007.10.19"]
[Round "1"]
[White "Cramling, Pia"]
[Black "Mohammadi, Amir"]
[Result "1/2-1/2"]
[WhiteElo "2589"]
[BlackElo "2303"]
[PlyCount "143"]

1. d4 f5 2. g3 Nf6 3. Bg2 e6 4. c4 d5 5. Nh3 c6 6. Qc2 Bd6 7. Bf4 O-O 8. O-O b6
9. Nd2 Bb7 10. Rac1 Na6 11. a3 c5 12. cxd5 Bxd5 13. Qa4 Bxg2 14. Kxg2 Nc7 15.
Qc6 Bxf4 16. Nxf4 Qd7 17. Qxd7 Nxd7 18. Nf3 Rac8 19. Rfd1 Rfd8 20. dxc5 Nxc5
21. Rxd8+ Rxd8 22. b4 N5a6 23. Rc6 Re8 24. Ne5 g6 25. Rd6 Nb8 26. Rd4 Kg7 27.
Rc4 Nba6 28. Nfd3 Kf6 29. Nc6 Nb5 30. a4 Nd6 31. Rd4 Nf7 32. Rd7 Nb8 33. Nxb8
Rxb8 34. Rxa7 h6 35. b5 Nd6 36. Rd7 Nc4 37. Rc7 Na5 38. f4 Rb7 39. Rc3 Ra7 40.
Ne5 g5 41. Rc8 Nb3 42. Rf8+ Kg7 43. Rb8 Rxa4 44. Rb7+ Kg8 45. Rxb6 gxf4 46.
Rxe6 fxg3 47. Rg6+ Kh7 48. Rxg3 Rb4 49. Nd7 h5 50. b6 Nd4 51. Kf2 Ne6 52. Re3
Nf4 53. Re7+ Kh6 54. Kf3 Kg5 55. Rg7+ Ng6 56. Ke3 h4 57. Kd3 Kh6 58. Rg8 Ne7
59. Re8 Nd5 60. Re5 Nf4+ 61. Kc3 Rb1 62. Kc2 Rb4 63. Kc3 Rb1 64. Kc4 Kg5 65.
Kc5 Rb2 66. Kd6 Nxe2 67. Kc6 Nd4+ 68. Kc7 Rc2+ 69. Nc5 Rb2 70. Rd5 Nb5+ 71. Kd7
Nc3 72. Rd6 1/2-1/2

[Event "Elit(Sollentuna-Skara)"]
[Site "?"]
[Date "2007.10.19"]
[Round "1"]
[White "Eklund, Lars-Goran"]
[Black "Poley, Vladimir"]
[Result "1/2-1/2"]
[WhiteElo "2358"]
[BlackElo "2412"]
[PlyCount "105"]

1. Nf3 d5 2. c4 d4 3. e3 Nc6 4. exd4 Nxd4 5. Nxd4 Qxd4 6. Nc3 Bg4 7. Qb3 Qe5+
8. Ne2 O-O-O 9. Qe3 Qxe3 10. dxe3 e5 11. Bd2 Nf6 12. Ng3 h5 13. h4 Be7 14. Bc3
Rhe8 15. Be2 g6 16. Rd1 Rxd1+ 17. Bxd1 Be6 18. b3 Bd7 19. Bf3 b6 20. Ne4 Ng8
21. Nd2 Nh6 22. g3 Bd8 23. Bd5 c6 24. Bg2 Kb7 25. O-O f5 26. c5 Nf7 27. a4 bxc5
28. Rc1 Be6 29. b4 cxb4 30. Bxb4 e4 31. Bc5 Be7 32. Bd4 a5 33. f3 Bb4 34. Rc2
Bd5 35. fxe4 fxe4 36. Nc4 Bxc4 37. Rxc4 Nd6 38. Rc2 Nf5 39. Rc4 Nxg3 40. Kf2
Bd6 41. Bc3 Kb6 42. Be1 Re5 43. Kg1 Nf5 44. Bc3 Rd5 45. Bxe4 Rd1+ 46. Kf2 Bg3+
47. Ke2 Rd6 48. Kf3 Nxe3 49. Bd4+ Kb7 50. Bxe3 Bxh4 51. Bxg6 Rxg6 52. Rxh4 Rg4
53. Rxg4 1/2-1/2

[Event "Elit(Sollentuna-Skara)"]
[Site "?"]
[Date "2007.10.19"]
[Round "1"]
[White "Ong, Kezli"]
[Black "Friberg, Hans"]
[Result "1/2-1/2"]
[WhiteElo "2373"]
[BlackElo "2271"]
[PlyCount "113"]

1. e4 Nf6 2. e5 Nd5 3. d4 d6 4. Nf3 g6 5. c4 Nb6 6. exd6 cxd6 7. Nc3 Bg7 8. Be2
O-O 9. O-O Nc6 10. Be3 Bg4 11. b3 d5 12. c5 Nc8 13. Rc1 e6 14. Ne1 Bxe2 15.
Nxe2 N8e7 16. Qd2 Nf5 17. Nc2 b6 18. Na3 Nxe3 19. Qxe3 bxc5 20. Rxc5 Qb6 21.
Rfc1 Ne7 22. Qd3 a6 23. h3 Rfd8 24. g4 e5 25. Rc7 Qd6 26. Nb1 e4 27. Qg3 Qxg3+
28. fxg3 Kf8 29. R1c5 Rd6 30. Nbc3 g5 31. Kg2 Rad8 32. b4 f5 33. a4 f4 34. gxf4
gxf4 35. Nxf4 Bxd4 36. Ra5 Bxc3 37. Rxc3 d4 38. Rc1 Ng6 39. Nxg6+ hxg6 40. Rac5
e3 41. g5 Rd5 42. Rxd5 Rxd5 43. Kf3 Re5 44. Ke2 Rxg5 45. Kd3 Rd5 46. b5 axb5
47. axb5 Rxb5 48. Kxd4 Rb3 49. Re1 e2 50. Rxe2 Rxh3 51. Ke4 Rg3 52. Kf4 Rg1 53.
Rb2 Kg7 54. Rb3 Rg2 55. Rb1 Rc2 56. Kg5 Rc5+ 57. Kg4 1/2-1/2

[Event "Elit(Sollentuna-Skara)"]
[Site "?"]
[Date "2007.10.19"]
[Round "1"]
[White "Andersson, Goran"]
[Black "Couso, Luis"]
[Result "0-1"]
[WhiteElo "2216"]
[BlackElo "2347"]
[PlyCount "78"]

1. e4 c5 2. Nf3 e6 3. d4 cxd4 4. Nxd4 a6 5. Bd3 Bc5 6. Nb3 Ba7 7. Qg4 Nf6 8.
Qg3 d6 9. f4 Nc6 10. Nc3 h5 11. Bd2 h4 12. Qf3 Qc7 13. g4 hxg3 14. hxg3 Rxh1+
15. Qxh1 Qe7 16. O-O-O Bd7 17. Qf3 O-O-O 18. g4 Rh8 19. g5 Ne8 20. Rh1 Qf8 21.
Rh3 Nc7 22. Qh1 Rxh3 23. Qxh3 g6 24. Qh6 Qe8 25. a3 Nd4 26. Nxd4 Bxd4 27. Ne2
Bc5 28. b4 Bb6 29. c4 a5 30. Qg7 e5 31. fxe5 Ne6 32. Qh6 dxe5 33. Nc3 Nf4 34.
Bf1 axb4 35. axb4 Be6 36. Nd5 Bd8 37. b5 Bxd5 38. cxd5 Qe7 39. Bxf4 Qa3+ 0-1

[Event "Elit(Sollentuna-Skara)"]
[Site "?"]
[Date "2007.10.19"]
[Round "1"]
[White "Bergstrom, Peter"]
[Black "Dahlstrom, Rickard"]
[Result "1-0"]
[WhiteElo "2349"]
[BlackElo "2067"]
[PlyCount "67"]

1. e4 c5 2. Nf3 d6 3. d4 cxd4 4. Nxd4 Nf6 5. f3 g6 6. c4 Bg7 7. Nc3 Nc6 8. Nc2
Bd7 9. Be3 O-O 10. Qd2 Rc8 11. Be2 Ne5 12. b3 a5 13. O-O Bc6 14. Rfd1 Ned7 15.
Rab1 Ra8 16. Nd4 Nc5 17. e5 Nfd7 18. exd6 exd6 19. Ndb5 Qe7 20. Bg5 Qe5 21. Bf4
Qf5 22. Bxd6 Rfd8 23. Nd5 Bxd5 24. Qxd5 Qc2 25. Qd2 Qxd2 26. Rxd2 Ne5 27. Rd5
Ncd7 28. Nc7 Rac8 29. Be7 Bf6 30. Bxd8 Bxd8 31. Nb5 Bf6 32. f4 Nb6 33. Rxe5
Bxe5 34. fxe5 1-0

[Event "Elit(Wasa-Astorp)"]
[Site "?"]
[Date "2007.10.19"]
[Round "1"]
[White "Sjodahl, Pontus"]
[Black "Wedberg, Tom"]
[Result "1/2-1/2"]
[WhiteElo "2482"]
[BlackElo "2562"]
[PlyCount "77"]
[SourceDate "2007.10.30"]

1. d4 Nf6 2. c4 e6 3. Nf3 c5 4. d5 d6 5. Nc3 exd5 6. cxd5 g6 7. e4 a6 8. a4 Bg4
9. Be2 Bxf3 10. Bxf3 Bg7 11. O-O O-O 12. Bf4 Qe7 13. Qb3 Qc7 14. Rad1 Nbd7 15.
e5 dxe5 16. d6 Qc8 17. Bg5 Rb8 18. Nd5 Nxd5 19. Qxd5 e4 20. Qxe4 Bxb2 21. Be7
Re8 22. a5 Ne5 23. Rd5 Nd7 24. Bg4 b6 25. axb6 Rxb6 26. Qa4 Rb5 27. h4 Qb7 28.
Bxd7 Qxd7 29. Rxc5 Reb8 30. Rc7 Qe6 31. Qxa6 Bd4 32. Rc2 Kg7 33. Qc6 Rb1 34. g3
Rxf1+ 35. Kxf1 Qh3+ 36. Ke2 Qe6+ 37. Kf1 Qh3+ 38. Ke2 Qe6+ 39. Kf1 1/2-1/2

[Event "Elit(Wasa-Astorp)"]
[Site "?"]
[Date "2007.10.19"]
[Round "1"]
[White "Hellborg, Teodor"]
[Black "Hoi, Carsten"]
[Result "0-1"]
[WhiteElo "2392"]
[BlackElo "2399"]
[PlyCount "131"]

1. d4 Nf6 2. c4 d6 3. Nf3 Bg4 4. Qb3 Qc8 5. Bg5 Nbd7 6. h3 Bxf3 7. Qxf3 g6 8.
Nc3 Bg7 9. e3 O-O 10. Bd3 e5 11. O-O Re8 12. Rfd1 c6 13. d5 c5 14. Rab1 h6 15.
Bh4 Nh7 16. g4 Qc7 17. Qg2 Kh8 18. Bg3 a6 19. h4 Ndf6 20. Be2 Qd7 21. Bh2 Qe7
22. e4 h5 23. g5 Nd7 24. Qh3 Rg8 25. Kh1 Nhf8 26. Rg1 Nh7 27. Rg2 Nhf8 28. Bg1
Nh7 29. f3 Nhf8 30. Be3 Nh7 31. Rg3 Nhf8 32. Rbg1 Nh7 33. Bf1 Rgb8 34. Qh2 Rg8
35. Bh3 Rgb8 36. Bf1 Rg8 37. a3 Rab8 38. Qd2 Nhf8 39. Qd3 Nh7 40. Bh3 Nhf8 41.
Kh2 Nh7 42. Qe2 Nhf8 43. b4 b6 44. Qc2 b5 45. cxb5 axb5 46. Bf1 c4 47. Bh3 Nh7
48. a4 bxa4 49. Qxa4 Rgd8 50. Ra1 Nhf8 51. Rg2 f6 52. b5 fxg5 53. hxg5 Nh7 54.
Qb4 Nc5 55. Qxc4 Rf8 56. Rf1 Qd8 57. Na4 Nxa4 58. Qxa4 Rf4 59. Bxf4 exf4 60.
Qc4 Nxg5 61. Rc2 Nxh3 62. Kxh3 Qd7+ 63. Kg2 Rxb5 64. Qc6 Rb7 65. Qxd7 Rxd7 66.
Rd1 0-1

[Event "Elit(Wasa-Astorp)"]
[Site "?"]
[Date "2007.10.19"]
[Round "1"]
[White "Tairi, Faruk"]
[Black "Genkin, Michael"]
[Result "1-0"]
[WhiteElo "2443"]
[BlackElo "2351"]
[PlyCount "61"]

1. e4 c5 2. Nf3 d6 3. d4 cxd4 4. Nxd4 Nf6 5. Nc3 a6 6. Bg5 e6 7. f4 Qb6 8. Qd2
Qxb2 9. Rb1 Qa3 10. Be2 Nbd7 11. O-O Be7 12. e5 dxe5 13. fxe5 Nxe5 14. Bxf6
gxf6 15. Ne4 f5 16. Rb3 Qa4 17. Nxf5 Qxe4 18. Nxe7 Kxe7 19. Re3 Qd5 20. Qb4+
Ke8 21. Rd1 Qc6 22. Rc3 Bd7 23. Rxc6 Bxc6 24. Qd6 Ng6 25. Bf3 Bxf3 26. gxf3 Rg8
27. Kf2 b5 28. Qc7 Ne7 29. Rd7 Nd5 30. Qb7 Rg7 31. Rxd5 1-0

[Event "Elit(Wasa-Astorp)"]
[Site "?"]
[Date "2007.10.19"]
[Round "1"]
[White "Astrom, Goran"]
[Black "Johansson, Mikael"]
[Result "0-1"]
[WhiteElo "2297"]
[BlackElo "2361"]
[PlyCount "48"]

1. e4 c5 2. Nf3 Nc6 3. d4 cxd4 4. Nxd4 e5 5. Nb5 d6 6. c4 Be7 7. N1c3 a6 8. Na3
f5 9. exf5 Bxf5 10. Bd3 Be6 11. O-O Nf6 12. Nc2 O-O 13. b3 Rc8 14. Bb2 b5 15.
cxb5 axb5 16. Nxb5 d5 17. f3 Bc5+ 18. Kh1 Nh5 19. Qe1 Nf4 20. Rd1 Qg5 21. Qd2
Nb4 22. Nxb4 Be3 23. Rf2 Bxd2 24. Rfxd2 e4 0-1